000 00568nam a22002297a 4500
003 UA-OsUOA
001 59375
007 ta
008 20090320b un ||||| |||| 00| 0 ukr d
090 _a32:94(477)
_bП50
942 _cBK
040 _aUA-OsUOA
_bukr
_cUA-OsUOA
_dUA-OsUOA
245 _aПолітична історія України
300 _a552 с.
955 _a2
041 _aukr
080 _a32:94(477)
020 _a978-966-8226-70-0
260 _aК.
_bАкадемвидав
_c2008
650 7 _a32 Політика
_2UDC
999 _c345457
_d345457